Exploring the core content of socio-economic rights : South African and international perspectives (Record no. 369951)
[ view plain ]
| 000 -LEADER | |
|---|---|
| fixed length control field | 00350nam a2200097Ia 4500 |
| 082 ## - DEWEY DECIMAL CLASSIFICATION NUMBER | |
| Classification number | 323.0968 BRAN |
| 008 - FIXED-LENGTH DATA ELEMENTS--GENERAL INFORMATION | |
| fixed length control field | 210817s9999 xx 000 0 und d |
| 100 ## - MAIN ENTRY--PERSONAL NAME | |
| Personal name | Brand, Danie Pretoria, South Africa, 2002 |
| 9 (RLIN) | 46017 |
| 245 #0 - TITLE STATEMENT | |
| Title | Exploring the core content of socio-economic rights : South African and international perspectives |
| 942 ## - ADDED ENTRY ELEMENTS | |
| item type | Books |
No items available.